Understanding antimicrobial drug resistance (Record no. 360803)

MARC details
000 -LEADER
fixed length control field 00516 a2200193 4500
005 - DATE & TIME
control field 20250526164358.0
008 - FIXED-LENGTH DATA ELEMENTS--GENERAL INFORMATION
fixed length control field 250526b |||||||| |||| 00| 0 eng d
020 ## - ISBN
International Standard Book Number 9781639895359
Price $ 156.99
040 ## - CATALOGING SOURCE
Original cataloging agency VIVEKANANDA LIBRARY
082 ## - DDC NUMBER
Classification number 615.792
Book Number G352U
100 ## - MAIN ENTRY--PERSONAL NAME
Personal name Gibbons, Scott
245 ## - TITLE STATEMENT
Title Understanding antimicrobial drug resistance
260 ## - PUBLICATION, DISTRIBUTION, ETC. (IMPRINT)
Name of publisher, distributor, etc States Academic Press
Date of publication, distribution, etc 2021
Place of publication, distribution, etc New York
300 ## - PHYSICAL DESCRIPTION
Pages viii, 237
650 ## - Subject
Subject Drug Resistance
650 ## - Subject
Subject Pharmacology
650 ## - Subject
Subject Microorganisms
942 ## - ADDED ENTRY ELEMENTS (KOHA)
Koha item type Books
Holdings
Withdrawn status Lost status Source of classification or shelving scheme Damaged status Not for loan Location (home branch) Sublocation or collection (holding branch) Shelving location Date acquired Koha issues (times borrowed) Koha full call number Accession No. Koha date last seen Koha item type
    Dewey Decimal Classification     VIVEKANANDA LIBRARY VIVEKANANDA LIBRARY Vivekananda Library 03/02/2025   615.792 G352U 442181 03/02/2025 Books
© Designed and Maintained by Vivekananda Library, MDU Rohtak